<?xml version="1.0" encoding="UTF-8"?>
<record
    xmlns:xsi="http://www.w3.org/2001/XMLSchema-instance"
    xsi:schemaLocation="http://www.loc.gov/MARC21/slim http://www.loc.gov/standards/marcxml/schema/MARC21slim.xsd"
    xmlns="http://www.loc.gov/MARC21/slim">

  <leader>03423nam a2200313 a 4500</leader>
  <controlfield tag="001">BRCA_2815</controlfield>
  <controlfield tag="005">20190320204000.0</controlfield>
  <controlfield tag="008">091208s1905----sp-#---###---#000-0#spa-u</controlfield>
  <datafield tag="041" ind1=" " ind2=" ">
    <subfield code="a">spa</subfield>
  </datafield>
  <datafield tag="044" ind1=" " ind2=" ">
    <subfield code="a">sp</subfield>
  </datafield>
  <datafield tag="084" ind1=" " ind2=" ">
    <subfield code="a">259</subfield>
    <subfield code="b">.S83</subfield>
    <subfield code="c">1905</subfield>
  </datafield>
  <datafield tag="100" ind1="1" ind2=" ">
    <subfield code="a">Cervantes Saavedra, Miguel de</subfield>
    <subfield code="d">1547-1616</subfield>
    <subfield code="9">213</subfield>
  </datafield>
  <datafield tag="245" ind1="1" ind2="0">
    <subfield code="a">El Ingenioso Hidalgo Don Quijote de la Mancha</subfield>
    <subfield code="c">compuesto por Miguel de Cervantes Saavedra.</subfield>
  </datafield>
  <datafield tag="260" ind1=" " ind2=" ">
    <subfield code="a">Madrid</subfield>
    <subfield code="b">Victoriano Su&#xE1;rez</subfield>
    <subfield code="c">1905</subfield>
  </datafield>
  <datafield tag="300" ind1=" " ind2=" ">
    <subfield code="a">6 v.</subfield>
    <subfield code="c">29 cm.</subfield>
    <subfield code="e">varias hojas plegables</subfield>
  </datafield>
  <datafield tag="500" ind1=" " ind2=" ">
    <subfield code="a">Contenido : v 1. Primera parte. Introducci&#xF3;n por C. Cortej&#xF3;n. Preliminares &#xED;ntegras de las primeras ediciones. Lista de las ediciones consultadas. Advertencia preliminar. Texto. -- v 2. Primera parte. Observaciones generales por C. Cortej&#xF3;n. Lista de ediciones consultadas. Texto. -- v 3. Primera parte. Observaciones generales. Ediciones consultadas. Texto. -- v 4. Segunda parte. Introducci&#xF3;n. Ediciones consultadas. Preliminares de la edici&#xF3;n pr&#xED;ncipe. Texto. -- v 5. Variantes del cap&#xED;tulo XLV. Ediciones consultadas. texto. -- v 6. Retrato de Cortej&#xF3;n. Advertencia preliminar. Ediciones consultadas. Texto</subfield>
  </datafield>
  <datafield tag="500" ind1=" " ind2=" ">
    <subfield code="a">Edici&#xF3;n : Primera cr&#xED;tica con variantes, notas, y el diccionario de todas las palabras usadas en la inmortal novela por Clemente Cortej&#xF3;n</subfield>
  </datafield>
  <datafield tag="500" ind1=" " ind2=" ">
    <subfield code="a">Una de las m&#xE1;s notables ediciones del Quijote que se han publicado en Espa&#xF1;a hasta aquel entonces por un comentador de la importancia de C. Cortej&#xF3;n. La muerte prematura trunc&#xF3; su obra de mucha erudici&#xF3;n (en cuanto a la t&#xE9;cnica y minucias literarias, as&#xED; como a la gram&#xE1;tica se refiere), por lo que no pudo acabar su diccionario ni dar cima al &#xFA;ltimo tomo que corri&#xF3; a cargo de Givanel y M&#xE1;s. Cortej&#xF3;n fue uno de los m&#xE1;s doctos cervantistas en su tiempo quien dedic&#xF3; m&#xE1;s de 30 a&#xF1;os al estudio del Quijote. Tuvo el m&#xE9;rito de probar en definitiva que Cervantes no corrigi&#xF3; la edici&#xF3;n de 1608, de Cuesta, y rebati&#xF3; los supuestos errores gramaticales que Clemenc&#xED;n reprochaba del autor. Sin embargo, su condici&#xF3;n de sacerdote y los consiguientes prejuicios religiosos, le impidieron ver m&#xE1;s all&#xE1; de puro lenguaje y estilo de la obra. Cotej&#xF3; nada menos que 26 ediciones quijotiles y, con todo, desacert&#xF3; al aceptar en la suya las enmiendas de la mencionada tercera de Cuesta, cuyos pasajes de la primera edici&#xF3;n del mismo editor, eran irreverentes para con las cosas de la Iglesia, como por ejemplo, el episodio de la penitencia de D. Quijote en Sierra Morena (I, 26). Su trabajo, empero, habrpa de ser tomado en cuenta por cualquier cervantista serio que, en lo futuro, se proponga investigar la gran obra. La parte tipogr&#xE1;fica que corre parejas con la literaria, honra por s&#xED; sola a los impresores. La tirada est&#xE1; hecha a grandes m&#xE1;rgenes sobre papel fabricado expresamente para esta edici&#xF3;n y es de una pulcritud irreprochable. Semipiel; lomeras decoradas con filetes dorados L&#xFA;dovik Osterc</subfield>
  </datafield>
  <datafield tag="500" ind1=" " ind2=" ">
    <subfield code="a">Incluye &#xED;ndice : De materias</subfield>
  </datafield>
  <datafield tag="500" ind1=" " ind2=" ">
    <subfield code="a">QM230D</subfield>
  </datafield>
  <datafield tag="650" ind1="1" ind2="4">
    <subfield code="a">Novela espa&#xF1;ola</subfield>
    <subfield code="y">&#xC9;poca cl&#xE1;sica, 1500-1700</subfield>
    <subfield code="9">215</subfield>
  </datafield>
  <datafield tag="650" ind1="1" ind2="4">
    <subfield code="a">Literatura espa&#xF1;ola</subfield>
    <subfield code="y">&#xC9;poca cl&#xE1;sica, 1500-1700</subfield>
    <subfield code="9">216</subfield>
  </datafield>
  <datafield tag="650" ind1="1" ind2="4">
    <subfield code="a">Novela espa&#xF1;ola</subfield>
    <subfield code="y">Siglo XVII</subfield>
    <subfield code="9">217</subfield>
  </datafield>
  <datafield tag="650" ind1="1" ind2="4">
    <subfield code="a">Don Quijote (Personaje ficticio)</subfield>
    <subfield code="e">Novela</subfield>
    <subfield code="9">218</subfield>
  </datafield>
  <datafield tag="700" ind1="1" ind2=" ">
    <subfield code="a">Cortej&#xF3;n y Lucas, Clemente</subfield>
    <subfield code="d">1842-1911</subfield>
    <subfield code="e">Anotador</subfield>
    <subfield code="9">7900</subfield>
  </datafield>
  <datafield tag="740" ind1="0" ind2=" ">
    <subfield code="a">El Ingenioso Hidalgo Don Quijote de la Mancha</subfield>
  </datafield>
  <datafield tag="902" ind1=" " ind2=" ">
    <subfield code="a">QFM</subfield>
  </datafield>
  <datafield tag="942" ind1=" " ind2=" ">
    <subfield code="2">lcc</subfield>
    <subfield code="c">B</subfield>
  </datafield>
  <datafield tag="999" ind1=" " ind2=" ">
    <subfield code="c">2555</subfield>
    <subfield code="d">2555</subfield>
  </datafield>
  <datafield tag="952" ind1=" " ind2=" ">
    <subfield code="0">0</subfield>
    <subfield code="1">0</subfield>
    <subfield code="4">0</subfield>
    <subfield code="7">0</subfield>
    <subfield code="a">BRCA</subfield>
    <subfield code="b">BRCA</subfield>
    <subfield code="d">2008-12-09</subfield>
    <subfield code="i">QM230D</subfield>
    <subfield code="l">0</subfield>
    <subfield code="o">259 .S83 1905 (QM230D)</subfield>
    <subfield code="p">2812</subfield>
    <subfield code="r">2019-03-22 00:00:00</subfield>
    <subfield code="w">2019-03-22</subfield>
    <subfield code="y">B</subfield>
  </datafield>
</record>
